Most Northern States of the United States - Statistics

General Stats
  • This quiz has been taken 71 times
    43 since last reset
  • The average score is 13 of 15
Answers on the Map
Answers color-coded by a green-red scale on the quiz's map according to % correct below.
 
Answer Stats
Answer % Correct
Montana
94%
North Dakota
94%
Washington
94%
Idaho
91%
Maine
91%
Michigan
91%
New York
91%
Minnesota
88%
Alaska
85%
Wisconsin
85%
New Hampshire
82%
Vermont
82%
Connecticut
79%
Massachusetts
76%
Rhode Island
76%
No matching quizzes found
Score Distribution
Percent of People with Each Score
Percentile by Number Answered
Your Score History
You have not taken this quiz since the last reset